Transmettre… mais transmettre quoi ? (notice n° 1641424)

détails MARC
000 -LEADER
fixed length control field 00909cam a2200217 4500500
005 - DATE AND TIME OF LATEST TRANSACTION
control field 20260201111048.0
041 ## - LANGUAGE CODE
Language code of text/sound track or separate title fre
042 ## - AUTHENTICATION CODE
Authentication code dc
100 10 - MAIN ENTRY--PERSONAL NAME
Personal name Reviriego, Danielle
Relator term author
245 00 - TITLE STATEMENT
Title Transmettre… mais transmettre quoi ?
260 ## - PUBLICATION, DISTRIBUTION, ETC.
Date of publication, distribution, etc. 2010.<br/>
500 ## - GENERAL NOTE
General note 19
520 ## - SUMMARY, ETC.
Summary, etc. RésuméPsychologue clinicienne dans une structure pour déficients visuels, ce travail s’inscrit dans le temps de mon départ à la retraite. Comment transmettre ? Que transmettre, au moment où le travail clinique et l’histoire du sujet sont parfois dilués dans des logiques économiques ?
690 ## - LOCAL SUBJECT ADDED ENTRY--TOPICAL TERM (OCLC, RLIN)
Topical term or geographic name as entry element articulation
690 ## - LOCAL SUBJECT ADDED ENTRY--TOPICAL TERM (OCLC, RLIN)
Topical term or geographic name as entry element capacité à penser
690 ## - LOCAL SUBJECT ADDED ENTRY--TOPICAL TERM (OCLC, RLIN)
Topical term or geographic name as entry element introjection
690 ## - LOCAL SUBJECT ADDED ENTRY--TOPICAL TERM (OCLC, RLIN)
Topical term or geographic name as entry element penser l'enfance
690 ## - LOCAL SUBJECT ADDED ENTRY--TOPICAL TERM (OCLC, RLIN)
Topical term or geographic name as entry element transmission
786 0# - DATA SOURCE ENTRY
Note Empan | 77 | 1 | 2010-05-17 | p. 120-124 | 1152-3336
856 41 - ELECTRONIC LOCATION AND ACCESS
Uniform Resource Identifier <a href="https://shs.cairn.info/revue-empan-2010-1-page-120?lang=fr&redirect-ssocas=7080">https://shs.cairn.info/revue-empan-2010-1-page-120?lang=fr&redirect-ssocas=7080</a>

Pas d'exemplaire disponible.

PLUDOC

PLUDOC est la plateforme unique et centralisée de gestion des bibliothèques physiques et numériques de Guinée administré par le CEDUST. Elle est la plus grande base de données de ressources documentaires pour les Étudiants, Enseignants chercheurs et Chercheurs de Guinée.

Adresse

627 919 101/664 919 101

25 boulevard du commerce
Kaloum, Conakry, Guinée

Réseaux sociaux

Powered by Netsen Group @ 2025